Prispel k riešeniu otázok literatúry

Bibliographic Details
Format: Article
Language:Slovak
PhysicalDescription:Fot. 1.
Subjects:

MARC

LEADER 00000nab a2200000 a 4500
001 vtls000055519
003 SK-MaSNL
005 20260303030355.0
008 111103c1980 xo 0 slo
015 |a SNBRB19rr/mm-uuuuu 
035 |a CL0065616 
040 |a SNKBUCL  |b slo  |c SNKBUCL  |e AACR2 
041 0 |a slo 
044 |a xo  |c SK 
080 |a 82:929:885.4  |2 1981 
080 |a 885.4  |2 1981 
080 |a 92 Chorváth, Michal  |2 1981 
245 0 0 |a Prispel k riešeniu otázok literatúry  |c [autor] (kk) 
300 |b Fot. 1. 
600 1 7 |a Chorváth, Michal,  |d 1910-1982  |2 snkbucl  |9 118285 
655 7 |a profily  |2 snkbucl  |9 341977 
655 7 |a články z odboru literárna veda a krásna literatúra  |2 snkbucl  |9 770045 
655 7 |a články z novín a časopisov  |2 snkbucl  |9 267496 
773 0 |t Hlas ľudu  |g Roč. 26, č. 51 (29. 2. 1980), s. /3/ 
850 |a Slovenská národná knižnica v Martine  |a MTA001 
852 |a SNK  |b KIS3GCP 
958 |a BX 
958 |a LX 
992 |a RBX 
999 |c 1651997  |d 1653927